书目信息 |
| 题名: |
敬爱的邓小平同志永远活在我们心中
|
|
| 作者: | ||
| 分册: | ||
| 出版信息: | 北京 人民出版社 1997 |
|
| 页数: | 90页 | |
| 开本: | 20cm | |
| 丛书名: | ||
| 单 册: | ||
| 中图分类: | K827.7 | |
| 科图分类: | 26.12681 | |
| 主题词: | ||
| 电子资源: | ||
| ISBN: | 7-01-002585-1 | |
| 000 | 00589nam0 2200205 45 | |
| 001 | 0197018481 | |
| 005 | 20070925165024.92 | |
| 010 | @a7-01-002585-1@dCNY4.80 | |
| 100 | @a19970711d1997 em y0chiy0121 ea | |
| 101 | 0 | @achi |
| 102 | @aCN@b110000 | |
| 105 | @ac z 010yd | |
| 200 | 10 | @a敬爱的邓小平同志永远活在我们心中@Ajing ai de deng xiao ping tong zhi yong yuan huo zai wo men xin zhong |
| 210 | @a北京@c人民出版社@d1997 | |
| 215 | @a90页@c肖像@d20cm | |
| 600 | 0 | @a邓小平@x纪念文集 |
| 690 | @aK827.7@v3 | |
| 692 | @a26.12681 | |
| 801 | 0 | @aCN@bTSSF@c20070925 |
| 905 | @a10447@dK827.7@e421 | |
| 敬爱的邓小平同志永远活在我们心中.-北京:人民出版社,1997 |
| 90页:肖像;20cm |
| ISBN 7-01-002585-1:CNY4.80 |
| ● |
| 相关链接 |
|
|
|
|
正题名:敬爱的邓小平同志永远活在我们心中
索取号:K827.7/421
 
预约/预借
| 序号 | 登录号 | 条形码 | 馆藏地/架位号 | 状态 | 备注 |
| 1 | 0609721 | 206097212 | 密集书库/ [索取号:K827.7/421] | 在馆 | |
| 2 | 0609757 | 206097579 | 密集书库/ [索取号:K827.7/421] | 在馆 | |
| 3 | 0609798 | 206097980 | 密集书库/ [索取号:K827.7/421] | 在馆 | |
| 4 | 0624758 | 206247587 | 密集书库/ [索取号:K827.7/421] | 在馆 | |
| 5 | 0654712 | 206547129 | 第二样本阅览室/ [索取号:K827.7/421] | 在馆 | |
| 6 | 0768658 | 207686583 | 密集书库/ [索取号:K827.7/421] | 在馆 |